[Event "Gibtelecom Festival 2010 - Challenger 2"]
[Site "Gibraltar ENG"]
[Date "2010.01.31"]
[Round "1.26"]
[White "Flores Chico, Jorge"]
[Black "Nilsen, Joachim Birger"]
[Result "1/2-1/2"]
[WhiteElo "2052"]
[BlackElo "2152"]
[PlyCount "136"]
[EventDate "2010.01.31"]
[EventType "swiss"]
[EventRounds "5"]
[EventCountry "ENG"]
[Source "lmi"]
[SourceDate "2010.01.31"]

1. d4 f5 2. Nc3 Nf6 3. Bg5 d5 4. Bxf6 exf6 5. e3 Be6 6. Bd3 Qd7 7. Nge2 Nc6 8.
Nf4 Bf7 9. Qf3 Ne7 10. h4 g6 11. O-O-O O-O-O 12. Bb5 c6 13. Bf1 Kb8 14. Nd3 Nc8
15. Nc5 Qc7 16. h5 Be7 17. N3a4 Nd6 18. Ba6 Ka8 19. hxg6 hxg6 20. Bd3 Ne4 21.
Bxe4 fxe4 22. Qf4 Qxf4 23. exf4 Bd6 24. g3 b6 25. Nb3 g5 26. fxg5 fxg5 27. c4
e3 28. fxe3 Bxg3 29. c5 Bf2 30. Kd2 g4 31. cxb6 axb6 32. Nxb6+ Kb7 33. Na4 g3
34. Nbc5+ Kc7 35. Nd3 Rxh1 36. Rxh1 g2 37. Nxf2 gxh1=Q 38. Nxh1 Rg8 39. Nf2 Bh5
40. Nc5 Rg2 41. Ncd3 Bg6 42. Kc3 Bxd3 43. Nxd3 Re2 44. Nc5 Rxe3+ 45. Kb4 Re2
46. Kc3 Rh2 47. a3 Kb6 48. b3 Rh3+ 49. Kb4 Rh1 50. Na4+ Kc7 51. Nc5 Rf1 52.
Ne6+ Kb6 53. Nc5 Rd1 54. Na4+ Kc7 55. Kc3 Ra1 56. Kb4 Kd6 57. Nc5 Rh1 58. Nb7+
Ke6 59. Nc5+ Kf5 60. a4 Kf6 61. a5 Ke7 62. a6 Kd6 63. a7 Rh8 64. Ka5 Kc7 65.
Ka6 Rg8 66. Ne6+ Kd6 67. Nc5 Kc7 68. Ne6+ Kd6 1/2-1/2

[Event "Gibtelecom Festival 2010 - Challenger 2"]
[Site "Gibraltar ENG"]
[Date "2010.01.31"]
[Round "1.27"]
[White "Murray, J Stephen"]
[Black "Obiamiwe, Paul"]
[Result "1/2-1/2"]
[WhiteElo "1927"]
[BlackElo "2046"]
[PlyCount "101"]
[EventDate "2010.01.31"]
[EventType "swiss"]
[EventRounds "5"]
[EventCountry "ENG"]
[Source "lmi"]
[SourceDate "2010.01.31"]

1. e4 c5 2. Nf3 d6 3. Bb5+ Nd7 4. O-O a6 5. Bxd7+ Bxd7 6. d4 cxd4 7. Qxd4 Nf6
8. Nc3 Bc6 9. Re1 e6 10. Bg5 Be7 11. Rad1 O-O 12. e5 dxe5 13. Nxe5 Qc7 14. Qc4
Rac8 15. Nxc6 Qxc6 16. Qxc6 Rxc6 17. Re2 Rfc8 18. Red2 h6 19. Bh4 g5 20. Bg3 b5
21. Bd6 Kf8 22. Bxe7+ Kxe7 23. a3 Rc4 24. f3 R8c6 25. Rd4 Rxc3 26. bxc3 Nd5 27.
c4 bxc4 28. Rb1 Nc3 29. Rb7+ Kf6 30. Rdd7 Ke5 31. Rxf7 Nd5 32. Kf2 Kd4 33. Ke1
Kc3 34. Rh7 Kxc2 35. Rxh6 c3 36. Rd7 Nf4 37. g3 Nd3+ 38. Ke2 Nc1+ 39. Ke1 Nd3+
40. Ke2 Ne5 41. Rb7 Nc4 42. Rh8 Nxa3 43. Rg8 Nb5 44. Rxg5 Kb3 45. Rgxb5+ axb5
46. Rxb5+ Kc4 47. Rb1 c2 48. Rc1 Kb3 49. h4 Kb2 50. Rxc2+ Kxc2 51. h5 1/2-1/2

[Event "Gibtelecom Festival 2010 - Challenger 2"]
[Site "Gibraltar ENG"]
[Date "2010.01.31"]
[Round "1.28"]
[White "Cafolla, Peter"]
[Black "Gravett, Alan D"]
[Result "1/2-1/2"]
[WhiteElo "2042"]
[BlackElo "1926"]
[PlyCount "63"]
[EventDate "2010.01.31"]
[EventType "swiss"]
[EventRounds "5"]
[EventCountry "ENG"]
[Source "lmi"]
[SourceDate "2010.01.31"]

1. e4 c5 2. Nc3 d6 3. g3 g6 4. Bg2 Bg7 5. d3 Nc6 6. f4 e6 7. Nf3 Nge7 8. O-O
O-O 9. Be3 Nd4 10. Qd2 f5 11. Nd1 e5 12. fxe5 Nxf3+ 13. Bxf3 Bxe5 14. c3 fxe4
15. dxe4 Bh3 16. Bg2 Rxf1+ 17. Bxf1 Bxf1 18. Kxf1 Qd7 19. Nf2 Rf8 20. Kg2 Qe6
21. a3 b6 22. Rd1 Qf7 23. Qe2 d5 24. Bh6 Bg7 25. Bxg7 Kxg7 26. exd5 Nxd5 27.
Qe5+ Nf6 28. c4 Qb7+ 29. Kg1 Kg8 30. Rf1 Qc6 31. Nh3 Qe4 32. Qf4 1/2-1/2

[Event "Gibtelecom Festival 2010 - Challenger 2"]
[Site "Gibraltar ENG"]
[Date "2010.01.31"]
[Round "1.29"]
[White "Grant, David"]
[Black "Hamer, Martyn"]
[Result "0-1"]
[WhiteElo "1913"]
[BlackElo "2039"]
[PlyCount "96"]
[EventDate "2010.01.31"]
[EventType "swiss"]
[EventRounds "5"]
[EventCountry "ENG"]
[Source "lmi"]
[SourceDate "2010.01.31"]

1. e4 e5 2. f4 exf4 3. Nf3 d6 4. d4 g5 5. h4 g4 6. Ng1 Qf6 7. Nc3 Ne7 8. Qd2
Nbc6 9. d5 Nd4 10. Qf2 Bd7 11. Nge2 Nxc2+ 12. Kd1 Nxa1 13. Nxf4 Ng6 14. g3 Bg7
15. Be3 Kf8 16. Bd3 Re8 17. Kd2 Nxf4 18. gxf4 g3 19. Qxg3 Rg8 20. Rxa1 Qxc3+
21. bxc3 Bxc3+ 22. Kxc3 Rxg3 23. Kd2 c5 24. Rb1 b6 25. f5 Rg2+ 26. Kc3 Rxa2 27.
Rg1 f6 28. Bh6+ Ke7 29. Rg7+ Kd8 30. Rxh7 b5 31. Kb3 Rg2 32. Bf1 Rg1 33. Rxd7+
Kxd7 34. Bxb5+ Ke7 35. Bxe8 Kxe8 36. Kc4 Ke7 37. Bd2 Rh1 38. Kb5 Rxh4 39. e5
dxe5 40. Kc6 Rd4 41. Be3 Kd8 42. Kxc5 Rd3 43. Bh6 Kd7 44. Bg7 Rf3 45. Bxf6 Rxf5
46. Bh4 a5 47. Be1 a4 48. Bc3 a3 0-1

[Event "Gibtelecom Festival 2010 - Challenger 2"]
[Site "Gibraltar ENG"]
[Date "2010.01.31"]
[Round "1.30"]
[White "Thompson, David"]
[Black "Plater, Ronald"]
[Result "0-1"]
[WhiteElo "1900"]
[BlackElo "1904"]
[PlyCount "34"]
[EventDate "2010.01.31"]
[EventType "swiss"]
[EventRounds "5"]
[EventCountry "ENG"]
[Source "lmi"]
[SourceDate "2010.01.31"]

1. e4 c5 2. Nf3 e6 3. d4 cxd4 4. Nxd4 a6 5. c4 Nf6 6. Nc3 Bb4 7. Bg5 Bxc3+ 8.
bxc3 Qa5 9. Qf3 Nxe4 10. Bd2 Nxd2 11. Kxd2 O-O 12. Qg3 Nc6 13. Nxc6 dxc6 14. h4
e5 15. h5 Bf5 16. h6 Rad8+ 17. Kc1 Qa3# 0-1

[Event "Gibtelecom Festival 2010 - Challenger 2"]
[Site "Gibraltar ENG"]
[Date "2010.01.31"]
[Round "1.31"]
[White "Pettersen, Joar Gullestad"]
[Black "Pereira, Johnharry"]
[Result "1-0"]
[WhiteElo "2020"]
[BlackElo "1892"]
[PlyCount "53"]
[EventDate "2010.01.31"]
[EventType "swiss"]
[EventRounds "5"]
[EventCountry "ENG"]
[Source "lmi"]
[SourceDate "2010.01.31"]

1. d4 Nf6 2. c4 e6 3. Nf3 b6 4. g3 Ba6 5. b3 Bb7 6. Nbd2 Bb4 7. Bg2 Bc3 8. Rb1
Be4 9. Nh4 Bxb1 10. Bxa8 c6 11. O-O Bg6 12. d5 O-O 13. Nxg6 hxg6 14. Ba3 Re8
15. Nb1 Be5 16. f4 Ba1 17. Qd3 exd5 18. Nd2 dxc4 19. bxc4 Ng4 20. Rxa1 Qc8 21.
Ne4 Qa6 22. Bb7 Qa5 23. h3 f5 24. hxg4 fxe4 25. Qe3 g5 26. Bd6 Re6 27. Bxb8 1-0

[Event "Gibtelecom Festival 2010 - Challenger 2"]
[Site "Gibraltar ENG"]
[Date "2010.01.31"]
[Round "1.32"]
[White "Steinskog, Asbjorn Ottesen"]
[Black "Isherwood, Paul"]
[Result "0-1"]
[WhiteElo "1884"]
[BlackElo "2017"]
[PlyCount "122"]
[EventDate "2010.01.31"]
[EventType "swiss"]
[EventRounds "5"]
[EventCountry "ENG"]
[Source "lmi"]
[SourceDate "2010.01.31"]

1. e4 d6 2. d4 Nf6 3. Nc3 Nbd7 4. f4 e5 5. fxe5 dxe5 6. dxe5 Nxe5 7. Qxd8+ Kxd8
8. Bf4 Nfd7 9. h3 Bd6 10. Nge2 c6 11. O-O-O Ke7 12. Bh2 g6 13. Nd4 Bb4 14. Nb1
Bc5 15. Nc3 f6 16. Be2 a5 17. a4 Bb4 18. Na2 Bc5 19. Nc3 Rd8 20. Nf3 b6 21.
Nxe5 Nxe5 22. Rxd8 Kxd8 23. Bxe5 fxe5 24. Bc4 Ke7 25. b3 Bd7 26. Rf1 Be8 27.
Kd1 Bb4 28. Nb1 Bc5 29. Nc3 Rd8+ 30. Ke2 Rd4 31. Rd1 Kd6 32. Bd3 Ke7 33. Rc1
Bf7 34. Rd1 Rd6 35. Rf1 Rd8 36. Nb1 Be6 37. Nd2 Bd6 38. Bc4 Bb4 39. Bd3 Bc3 40.
Nf3 h6 41. Nh4 Rg8 42. Nf3 g5 43. Rh1 Kd6 44. Nh2 Rf8 45. Rf1 Rf4 46. Rxf4 exf4
47. Ng4 h5 48. Nf2 g4 49. hxg4 hxg4 50. Nd1 Bg7 51. Nf2 Ke5 52. Nh1 g3 53. Kf1
Kd4 54. Ke2 Bg4+ 55. Ke1 Ke3 56. Kf1 Bh5 57. Ba6 Bg6 58. Bb7 Bxe4 59. c4 Be5
60. Ba6 f3 61. gxf3 Bxf3 0-1

[Event "Gibtelecom Festival 2010 - Challenger 2"]
[Site "Gibraltar ENG"]
[Date "2010.01.31"]
[Round "1.33"]
[White "Seitz, Benjamin"]
[Black "Kelly, Paul J"]
[Result "1-0"]
[WhiteElo "2017"]
[BlackElo "1880"]
[PlyCount "93"]
[EventDate "2010.01.31"]
[EventType "swiss"]
[EventRounds "5"]
[EventCountry "ENG"]
[Source "lmi"]
[SourceDate "2010.01.31"]

1. d4 d5 2. Nf3 Nf6 3. e3 g6 4. Nbd2 Bg7 5. Be2 O-O 6. O-O a6 7. b4 a5 8. b5 b6
9. a4 Bb7 10. Ba3 Re8 11. Rc1 Nbd7 12. c4 e5 13. Nxe5 Nxe5 14. dxe5 Rxe5 15.
Qc2 Rc8 16. Bb2 Re7 17. cxd5 Bxd5 18. Bf3 Bxf3 19. Nxf3 Rd7 20. Rfd1 Ne8 21.
Ne5 Rxd1+ 22. Rxd1 Qg5 23. Nxf7 Qe7 24. Bxg7 Kxg7 25. Qc6 Nf6 26. Ng5 Re8 27.
Rc1 h6 28. Nf3 Rd8 29. h3 Ne4 30. Nd4 Nc5 31. Rxc5 bxc5 32. Ne6+ Kh7 33. Nxd8
Qxd8 34. Qxc5 h5 35. Qd4 Qe7 36. Qc3 Qd6 37. Qxa5 Qd1+ 38. Kh2 Qd6+ 39. f4 h4
40. Qe1 g5 41. Qb1+ Kh6 42. Qf5 Qa3 43. Qxg5+ Kh7 44. Qxh4+ Kg8 45. Qd8+ Kf7
46. Qxc7+ Kf6 47. b6 1-0

[Event "Gibtelecom Festival 2010 - Challenger 2"]
[Site "Gibraltar ENG"]
[Date "2010.01.31"]
[Round "1.34"]
[White "Lundback, Karl"]
[Black "Odeh, Kenneth"]
[Result "1-0"]
[WhiteElo "1874"]
[BlackElo "2012"]
[PlyCount "75"]
[EventDate "2010.01.31"]
[EventType "swiss"]
[EventRounds "5"]
[EventCountry "ENG"]
[Source "lmi"]
[SourceDate "2010.01.31"]

1. e4 c6 2. d4 d5 3. Nc3 dxe4 4. Nxe4 Bf5 5. Ng3 Bg6 6. Nf3 Nd7 7. Bd3 Ngf6 8.
c3 e6 9. O-O Qc7 10. Re1 Bxd3 11. Qxd3 O-O-O 12. a4 Bd6 13. b4 Nd5 14. Ne4 Bf4
15. Ba3 f5 16. Neg5 Bxg5 17. Nxg5 Nf8 18. g3 Qe7 19. h4 h6 20. b5 Qf6 21. Nf3
g5 22. bxc6 f4 23. cxb7+ Kb8 24. Ne5 fxg3 25. Qxg3 Kxb7 26. Rab1+ Ka8 27. Nc6
Nf4 28. Nxd8 Qxd8 29. Qf3+ Nd5 30. c4 g4 31. Qg2 Ng6 32. Rxe6 Ngf4 33. Qe4 Ne2+
34. Qxe2 Nc3 35. Qd3 Nxb1 36. Qe4+ Kb8 37. Qxb1+ Kc7 38. Re7+ 1-0

[Event "Gibtelecom Festival 2010 - Challenger 2"]
[Site "Gibraltar ENG"]
[Date "2010.01.31"]
[Round "1.35"]
[White "McBeth, Michael J"]
[Black "Carr, Chris"]
[Result "1/2-1/2"]
[WhiteElo "2011"]
[BlackElo "1864"]
[PlyCount "70"]
[EventDate "2010.01.31"]
[EventType "swiss"]
[EventRounds "5"]
[EventCountry "ENG"]
[Source "lmi"]
[SourceDate "2010.01.31"]

1. e4 c5 2. Nf3 a6 3. c3 d5 4. exd5 Qxd5 5. d4 Nf6 6. Be3 cxd4 7. cxd4 e6 8.
Nc3 Qa5 9. Bd3 Be7 10. O-O Nc6 11. a3 O-O 12. Re1 Bd7 13. Bc2 Rfe8 14. Qd3 g6
15. Ne5 Nxe5 16. dxe5 Qxe5 17. Bd4 Qc7 18. Be5 Qc6 19. Rac1 Rad8 20. Qd4 Bc8
21. Qf4 Nd5 22. Qg3 Nxc3 23. Bxc3 Qd6 24. Be5 Qd2 25. Bf4 Qd5 26. Bb3 Qd3 27.
Re3 Qb5 28. h4 h5 29. Be5 Rd2 30. Bc2 Kh7 31. Rf3 f5 32. Bc3 Rdd8 33. a4 Qc5
34. Re1 Bd6 35. Qg5 Be7 1/2-1/2

[Event "Gibtelecom Festival 2010 - Challenger 2"]
[Site "Gibraltar ENG"]
[Date "2010.01.31"]
[Round "1.36"]
[White "Bishop, Geoffrey L"]
[Black "Marder, Simon"]
[Result "0-1"]
[WhiteElo "1851"]
[BlackElo "1993"]
[PlyCount "58"]
[EventDate "2010.01.31"]
[EventType "swiss"]
[EventRounds "5"]
[EventCountry "ENG"]
[Source "lmi"]
[SourceDate "2010.01.31"]

1. e4 Nc6 2. d4 e5 3. dxe5 Nxe5 4. Nf3 Nxf3+ 5. Qxf3 Qf6 6. Be2 Bb4+ 7. c3 Bc5
8. Bf4 d6 9. Nd2 Ne7 10. Qg3 Ng6 11. Bg5 Bxf2+ 12. Qxf2 Qxg5 13. Nf3 Qe7 14.
O-O O-O 15. Rad1 Qxe4 16. Rd4 Qe7 17. Bd3 Be6 18. Qc2 a6 19. h4 c5 20. Re4 c4
21. Bxc4 d5 22. Bxd5 Qc5+ 23. Rd4 Bxd5 24. h5 Bxf3 25. hxg6 Rad8 26. gxf7+ Rxf7
27. Qf2 Rxd4 28. cxd4 Qg5 29. Re1 Bc6 0-1

[Event "Gibtelecom Festival 2010 - Challenger 2"]
[Site "Gibraltar ENG"]
[Date "2010.01.31"]
[Round "1.37"]
[White "Horrocks, Stephen J"]
[Black "Nwachukwu, Chino"]
[Result "0-1"]
[WhiteElo "1992"]
[BlackElo "1848"]
[PlyCount "108"]
[EventDate "2010.01.31"]
[EventType "swiss"]
[EventRounds "5"]
[EventCountry "ENG"]
[Source "lmi"]
[SourceDate "2010.01.31"]

1. d4 Nf6 2. Nf3 d5 3. Ne5 e6 4. Bg5 Be7 5. Nd2 Nbd7 6. f4 h6 7. Bh4 Nh5 8.
Bxe7 Qxe7 9. g3 Nxf4 10. e3 Nxe5 11. exf4 Nd7 12. c3 O-O 13. Bg2 c5 14. O-O
cxd4 15. cxd4 Qb4 16. Nb3 Nb6 17. a3 Qe7 18. Qe2 Bd7 19. Nc5 Bc6 20. f5 Qf6 21.
fxe6 Qxd4+ 22. Qf2 Qxf2+ 23. Rxf2 fxe6 24. Nxe6 Rxf2 25. Kxf2 Re8 26. Nd4 Rf8+
27. Kg1 Nc4 28. Rc1 Nxb2 29. Nxc6 bxc6 30. Rxc6 Rd8 31. Rc2 Nd1 32. Rd2 Ne3 33.
Bf3 Kf8 34. Kf2 d4 35. Ke2 Nc4 36. Rd3 Nb2 37. Rd2 d3+ 38. Kf1 Nc4 39. Ra2 d2
40. Bd1 Re8 41. Kf2 Re4 42. Rc2 Rd4 43. Ke2 Ke7 44. Rc3 Kd6 45. Rb3 Re4+ 46.
Kd3 Re1 47. Kxc4 Rxd1 48. Rd3+ Ke6 49. Kc3 Ra1 50. Rxd2 Rxa3+ 51. Kb4 Ra1 52.
Kc4 a5 53. Kd3 Kf5 54. h3 Ra3+ 0-1

[Event "Gibtelecom Festival 2010 - Challenger 2"]
[Site "Gibraltar ENG"]
[Date "2010.01.31"]
[Round "1.38"]
[White "Wright, Jonathan"]
[Black "Loerke, Reinhard"]
[Result "1-0"]
[WhiteElo "1808"]
[BlackElo "1981"]
[PlyCount "49"]
[EventDate "2010.01.31"]
[EventType "swiss"]
[EventRounds "5"]
[EventCountry "ENG"]
[Source "lmi"]
[SourceDate "2010.01.31"]

1. e4 b6 2. d4 Bb7 3. Nc3 d6 4. f4 e6 5. Nf3 g6 6. Bd3 Bg7 7. Qe2 Ne7 8. Be3 c5
9. O-O-O cxd4 10. Bxd4 f6 11. Ng5 Qd7 12. Bc4 d5 13. exd5 exd5 14. Bb5 Nbc6 15.
Nxd5 Kf8 16. Nxf6 Qxd4 17. Ne6+ Kf7 18. Nxd4 Nxd4 19. Bc4+ Kf8 20. Rxd4 Bxf6
21. Rd6 Bh4 22. Qe5 Rg8 23. Rf6+ Bxf6 24. Qxf6+ Ke8 25. Re1 1-0

[Event "Gibtelecom Festival 2010 - Challenger 2"]
[Site "Gibraltar ENG"]
[Date "2010.01.31"]
[Round "1.40"]
[White "Wiltshire, Michael R"]
[Black "Mikalsen, Erlend"]
[Result "0-1"]
[WhiteElo "1816"]
[BlackElo "1973"]
[PlyCount "60"]
[EventDate "2010.01.31"]
[EventType "swiss"]
[EventRounds "5"]
[EventCountry "ENG"]
[Source "lmi"]
[SourceDate "2010.01.31"]

1. d4 f5 2. Nc3 Nf6 3. e4 fxe4 4. f3 d5 5. fxe4 dxe4 6. Be3 Bf5 7. Be2 c6 8. g4
Bg6 9. Nh3 Nd5 10. Qd2 e6 11. Nf2 Bb4 12. h4 h6 13. a3 Qa5 14. Nfd1 Nd7 15. Rb1
Bd6 16. Nxe4 Qxd2+ 17. Nxd2 Bxc2 18. Bf2 Bxb1 19. Nxb1 O-O 20. Nbc3 Rae8 21. g5
hxg5 22. Ne4 Bc7 23. Bh5 Re7 24. hxg5 Nf4 25. Bg3 e5 26. Bg4 exd4 27. Bxd7
Rxe4+ 28. Kd2 Re2+ 29. Kc1 Nd3+ 30. Kb1 Bxg3 0-1

[Event "Gibtelecom Festival 2010 - Challenger 2"]
[Site "Gibraltar ENG"]
[Date "2010.01.31"]
[Round "1.41"]
[White "Helin, Mikael"]
[Black "Rough, Robert E"]
[Result "1-0"]
[WhiteElo "1972"]
[BlackElo "1811"]
[PlyCount "25"]
[EventDate "2010.01.31"]
[EventType "swiss"]
[EventRounds "5"]
[EventCountry "ENG"]
[Source "lmi"]
[SourceDate "2010.01.31"]

1. e4 e5 2. Nc3 d6 3. f4 c6 4. Nf3 Bg4 5. Bc4 Nf6 6. fxe5 dxe5 7. Bxf7+ Kxf7 8.
Nxe5+ Kg8 9. Nxg4 Bc5 10. d3 Nbd7 11. d4 Bb4 12. O-O Nxg4 13. Qxg4 1-0

[Event "Gibtelecom Festival 2010 - Challenger 2"]
[Site "Gibraltar ENG"]
[Date "2010.01.31"]
[Round "1.42"]
[White "Chidi, Lovinia Sylvia"]
[Black "Young, Mel J"]
[Result "1/2-1/2"]
[WhiteElo "1832"]
[BlackElo "1971"]
[PlyCount "69"]
[EventDate "2010.01.31"]
[EventType "swiss"]
[EventRounds "5"]
[EventCountry "ENG"]
[Source "lmi"]
[SourceDate "2010.01.31"]

1. e4 c5 2. Nf3 d6 3. d4 cxd4 4. Nxd4 Nf6 5. Nc3 a6 6. Be2 e5 7. Nb3 Be7 8. Bg5
Be6 9. Qd2 Nbd7 10. O-O O-O 11. Kh1 Rc8 12. Rac1 Qc7 13. Rfd1 h6 14. Be3 Rfd8
15. f3 Nb6 16. Bd3 d5 17. Bxb6 Qxb6 18. Qe1 d4 19. Ne2 Nh5 20. g4 Nf6 21. Ng3
Bxg4 22. fxg4 Nxg4 23. Nf5 Bg5 24. Rb1 g6 25. h3 gxf5 26. hxg4 fxg4 27. Qf2 Qg6
28. Kg2 Bf4 29. Qh4 Rd6 30. Rh1 Qg7 31. Qe7 Rf6 32. Rbf1 Rcc6 33. Qe8+ Kh7 34.
Nxd4 Rb6 35. b3 1/2-1/2

[Event "Gibtelecom Festival 2010 - Challenger 2"]
[Site "Gibraltar ENG"]
[Date "2010.01.31"]
[Round "1.43"]
[White "Dennis, Nigel W"]
[Black "Sommerhalder, Eric"]
[Result "0-1"]
[WhiteElo "1957"]
[BlackElo "1806"]
[PlyCount "72"]
[EventDate "2010.01.31"]
[EventType "swiss"]
[EventRounds "5"]
[EventCountry "ENG"]
[Source "lmi"]
[SourceDate "2010.01.31"]

1. e4 c5 2. Nf3 d6 3. d4 cxd4 4. Nxd4 Nf6 5. Nc3 g6 6. Be2 Bg7 7. Be3 O-O 8.
O-O Nc6 9. Nb3 Be6 10. f4 Na5 11. f5 Bc4 12. Bd3 Nxb3 13. axb3 Bxd3 14. cxd3 a6
15. Na4 Nd7 16. d4 b5 17. Nc3 Nb6 18. Qd2 Re8 19. Bh6 Bh8 20. Ne2 e5 21. d5 Nd7
22. b4 Nf6 23. Ng3 Ng4 24. Kh1 Qh4 25. h3 Nxh6 26. Rf3 Ng4 27. Raf1 Nf6 28. Qe3
Bg7 29. Qb6 Red8 30. Qb7 g5 31. Rc3 g4 32. Rfc1 gxh3 33. gxh3 Nxe4 34. Nxe4
Qxe4+ 35. Kh2 Qf4+ 36. Kh1 Qxf5 0-1

[Event "Gibtelecom Festival 2010 - Challenger 2"]
[Site "Gibraltar ENG"]
[Date "2010.01.31"]
[Round "1.44"]
[White "Sigamoney, Cyril S"]
[Black "Jacobsen, Fredrik Beer"]
[Result "1-0"]
[WhiteElo "1783"]
[BlackElo "1952"]
[PlyCount "67"]
[EventDate "2010.01.31"]
[EventType "swiss"]
[EventRounds "5"]
[EventCountry "ENG"]
[Source "lmi"]
[SourceDate "2010.01.31"]

1. d4 f5 2. Bg5 g6 3. h4 h6 4. Bf4 Nf6 5. e3 Bg7 6. c3 c6 7. Qb3 d6 8. Bc4 d5
9. Bd3 Nh5 10. Nf3 Nxf4 11. exf4 Qd6 12. g3 Nd7 13. Nbd2 c5 14. O-O-O a6 15.
Rde1 b5 16. Qc2 c4 17. Bxf5 gxf5 18. Qxf5 a5 19. Re6 Qc7 20. Qg6+ Kf8 21. Rxe7
Kxe7 22. Qxg7+ Kd6 23. Qxh8 Kc6 24. Qxh6+ Kb7 25. Re1 b4 26. Qe6 Nb6 27. Qe7
Bd7 28. Qc5 Qd8 29. Ne5 Rc8 30. Qd6 Qe8 31. Ndf3 Qh5 32. Nxd7 Nxd7 33. Qxd7+
Rc7 34. Qb5+ 1-0

[Event "Gibtelecom Festival 2010 - Challenger 2"]
[Site "Gibraltar ENG"]
[Date "2010.01.31"]
[Round "1.45"]
[White "Bauer, Peter"]
[Black "Mathon, Dimitrij"]
[Result "1-0"]
[WhiteElo "1944"]
[BlackElo "1780"]
[PlyCount "67"]
[EventDate "2010.01.31"]
[EventType "swiss"]
[EventRounds "5"]
[EventCountry "ENG"]
[Source "lmi"]
[SourceDate "2010.01.31"]

1. c4 Nf6 2. Nc3 d6 3. Nf3 e5 4. g3 Be7 5. Bg2 O-O 6. O-O Nbd7 7. d4 exd4 8.
Nxd4 Ne5 9. b3 h6 10. Qc2 c6 11. Ba3 Qa5 12. Bb2 Rd8 13. Rfd1 Qc7 14. Nf5 Bxf5
15. Qxf5 Qd7 16. Qc2 Qe8 17. Ba3 Rac8 18. Qb2 Qf8 19. Rd2 Rd7 20. Bh3 Nfg4 21.
f4 d5 22. Bxe7 Qxe7 23. fxe5 Qc5+ 24. Kh1 Nf2+ 25. Kg2 Nxh3 26. Kxh3 d4 27. Qc2
Rcd8 28. Qf5 g6 29. Ne4 gxf5 30. Nxc5 Re7 31. Nd3 b6 32. Rf1 Kg7 33. Rxf5 c5
34. Rd1 1-0

[Event "Gibtelecom Festival 2010 - Challenger 2"]
[Site "Gibraltar ENG"]
[Date "2010.01.31"]
[Round "1.46"]
[White "Savage, Neil"]
[Black "Rujan, Rodel-Marinel"]
[Result "0-1"]
[WhiteElo "1755"]
[BlackElo "1940"]
[PlyCount "46"]
[EventDate "2010.01.31"]
[EventType "swiss"]
[EventRounds "5"]
[EventCountry "ENG"]
[Source "lmi"]
[SourceDate "2010.01.31"]

1. c4 Nf6 2. Nc3 d6 3. Nf3 e5 4. d4 Nbd7 5. e3 Be7 6. Bd3 O-O 7. O-O Re8 8. Qc2
Bf8 9. Bd2 c6 10. Rad1 Qc7 11. Rfe1 a6 12. a4 b6 13. b4 Bb7 14. b5 cxb5 15.
axb5 e4 16. bxa6 exd3 17. Qxd3 Bxa6 18. Nb5 Qb7 19. Qb3 Rac8 20. Rb1 Ne4 21.
Bc1 d5 22. cxd5 Bxb5 23. Qxb5 Nc3 0-1

[Event "Gibtelecom Festival 2010 - Challenger 2"]
[Site "Gibraltar ENG"]
[Date "2010.01.31"]
[Round "1.47"]
[White "Skage, Oystein Aagedal"]
[Black "Indrebo, Kyrre"]
[Result "0-1"]
[WhiteElo "1935"]
[BlackElo "1730"]
[PlyCount "95"]
[EventDate "2010.01.31"]
[EventType "swiss"]
[EventRounds "5"]
[EventCountry "ENG"]
[Source "lmi"]
[SourceDate "2010.01.31"]

1. e4 c5 2. Nf3 d6 3. d4 cxd4 4. Nxd4 Nf6 5. Nc3 Nc6 6. Bg5 e6 7. Qd2 a6 8.
O-O-O Bd7 9. f4 b5 10. Bxf6 gxf6 11. f5 Nxd4 12. Qxd4 Bh6+ 13. Kb1 Bf4 14. g3
Be5 15. Qe3 h5 16. Bd3 Qc7 17. Ne2 a5 18. Nf4 a4 19. fxe6 fxe6 20. Ng6 a3 21.
Nxe5 dxe5 22. b3 Qc3 23. Qc1 Bc6 24. Rhe1 Ke7 25. Re3 Qc5 26. Qd2 Rad8 27. Rde1
Rd7 28. c3 Rhd8 29. Qc2 Rd6 30. b4 Qa7 31. Qe2 Be8 32. Qf3 Qd7 33. Rf1 f5 34.
Bc2 Rd2 35. Re2 Rxe2 36. Qxe2 Qd2 37. Qf3 Qxh2 38. exf5 Rd2 39. Rc1 Bf7 40.
Qb7+ Kf8 41. fxe6 Bg6 42. Qf3+ Kg7 43. e7 Rxc2 44. e8=N+ Bxe8 45. Rxc2 Bg6 46.
Qd1 Bxc2+ 47. Qxc2 Qxg3 48. Qf5 0-1

[Event "Gibtelecom Festival 2010 - Challenger 2"]
[Site "Gibraltar ENG"]
[Date "2010.01.31"]
[Round "1.48"]
[White "Hansen, Erle Andrea Marki"]
[Black "De Lillo, Michele"]
[Result "0-1"]
[WhiteElo "1699"]
[BlackElo "1934"]
[PlyCount "48"]
[EventDate "2010.01.31"]
[EventType "swiss"]
[EventRounds "5"]
[EventCountry "ENG"]
[Source "lmi"]
[SourceDate "2010.01.31"]

1. e4 c5 2. Nf3 d6 3. d4 cxd4 4. Nxd4 Nf6 5. Nc3 g6 6. Bc4 Bg7 7. f3 Nc6 8. Be3
O-O 9. Qd2 Bd7 10. O-O-O Ne5 11. Bb3 Rc8 12. h4 h5 13. Bh6 Nc4 14. Bxc4 Rxc4
15. Bxg7 Kxg7 16. g4 Be6 17. e5 Nh7 18. gxh5 gxh5 19. Rdg1+ Kh8 20. Qh6 Rg8 21.
Nxe6 fxe6 22. Ne4 Qf8 23. Ng5 Qxh6 24. f4 Rxf4 0-1

[Event "Gibtelecom Festival 2010 - Challenger 2"]
[Site "Gibraltar ENG"]
[Date "2010.01.31"]
[Round "1.49"]
[White "Tari, Aryan"]
[Black "Kympergr, Vojtech"]
[Result "1-0"]
[WhiteElo "1932"]
[BlackElo "1599"]
[PlyCount "53"]
[EventDate "2010.01.31"]
[EventType "swiss"]
[EventRounds "5"]
[EventCountry "ENG"]
[Source "lmi"]
[SourceDate "2010.01.31"]

1. e4 e5 2. Nf3 Nc6 3. Bb5 a6 4. Ba4 Nf6 5. O-O b5 6. Bb3 Be7 7. Re1 O-O 8. h3
a5 9. c3 a4 10. Bc2 Bc5 11. d4 exd4 12. cxd4 Bb4 13. Nc3 Ba6 14. e5 Bxc3 15.
bxc3 Nd5 16. Bxh7+ Kxh7 17. Ng5+ Kg8 18. Qh5 Qxg5 19. Bxg5 f6 20. Bxf6 Nxf6 21.
exf6 Rxf6 22. Re8+ Rxe8 23. Qxe8+ Kh7 24. Re1 d5 25. Qh5+ Rh6 26. Qf5+ Rg6 27.
Re6 1-0

[Event "Gibtelecom Festival 2010 - Challenger 2"]
[Site "Gibraltar ENG"]
[Date "2010.01.31"]
[Round "1.50"]
[White "Whatley, Stephen Arthur J"]
[Black "Moreno Cervera, Jose Luis"]
[Result "0-1"]
[WhiteElo "1408"]
[BlackElo "1929"]
[PlyCount "58"]
[EventDate "2010.01.31"]
[EventType "swiss"]
[EventRounds "5"]
[EventCountry "ENG"]
[Source "lmi"]
[SourceDate "2010.01.31"]

1. e4 c5 2. a3 e6 3. b4 Qf6 4. c3 d5 5. Bb5+ Bd7 6. Qe2 dxe4 7. Bxd7+ Nxd7 8.
Qxe4 Qe5 9. Qxe5 Nxe5 10. Ke2 c4 11. Nf3 Nd3 12. a4 Nf6 13. Na3 Rc8 14. Ne1
Nf4+ 15. Kf3 e5 16. Bb2 Bd6 17. Nb5 e4+ 18. Ke3 Bb8 19. Na3 O-O 20. f3 exf3 21.
Kxf3 Rfe8 22. Rd1 g5 23. h3 Nd7 24. g3 Ne5+ 25. Ke4 Ne2 26. Kd5 Rcd8+ 27. Kc5
Nxg3 28. Rg1 Ne4+ 29. Kb5 Rd5# 0-1